| Tag |
First Indicator |
Second Indicator |
Subfields |
| LEADER |
00000cam a2200000 a 4500 |
| 001 |
in00002196721 |
| 005 |
20151104074122.0 |
| 008 |
060925s1962 gw 000 m fre c |
| 035 |
|
|
|a (OCoLC)ocm71688767
|
| 040 |
|
|
|a TXA
|c TXA
|d UtOrBLW
|
| 041 |
1 |
|
|a ger
|a fre
|a fre
|
| 042 |
|
|
|a pcc
|
| 049 |
|
|
|a TXAM
|
| 050 |
|
4 |
|a PQ1590.G4
|b K83 1962
|
| 092 |
0 |
|
|a 841
|b V71s
|2 19
|
| 100 |
1 |
|
|a Villon, François,
|d 1431-1463.
|
| 245 |
1 |
0 |
|a Sämtliche Dichtungen /
|c François Villon ; Französisch, mit deutscher Übertragung von Walther Küchler.
|
| 264 |
|
1 |
|a Heidelberg :
|b L. Schneider,
|c 1962.
|
| 300 |
|
|
|a 254 pages ;
|c 17 cm.
|
| 336 |
|
|
|a text
|b txt
|2 rdacontent
|
| 337 |
|
|
|a unmediated
|b n
|2 rdamedia
|
| 338 |
|
|
|a volume
|b nc
|2 rdacarrier
|
| 500 |
|
|
|a "Die Gedichte in der Gaunersprache sind in die Ausgabe nicht mit aufgenommen."--Title page verso.
|
| 546 |
|
|
|a French and German on opposite pages.
|
| 500 |
|
|
|a "Die neue Ausgabe wurde von Marie Luise Bulst bearbeitet."--Title page verso.
|
| 505 |
0 |
|
|a Le lais = Das Vermächtnis ; Le grand testament = Das Testament ; Poésie diverses = Vermischte Gedichte ; Anhang.
|
| 700 |
1 |
2 |
|a Villon, François,
|d 1431-1463.
|t Works.
|k Selections.
|l French.
|f 1962.
|
| 700 |
1 |
2 |
|a Villon, François,
|d 1431-1463.
|t Works.
|k Selections.
|l German.
|f 1962.
|
| 700 |
1 |
|
|a Küchler, Walther,
|d 1877-1953.
|
| 700 |
1 |
|
|a Bulst-Thiele, Marie Luise.
|
| 948 |
|
|
|a cataloged
|b h
|c 2006/9/26
|d o
|e jmarner
|f 12:27:49 pm
|
| 994 |
|
|
|a C0
|b TXA
|
| 999 |
|
|
|a MARS
|
| 999 |
f |
f |
|s 3b3d3dc9-cf43-358e-85d7-01a21cd56df9
|i a0845f29-0fa0-3d3d-a72c-abdf1741a0d2
|t 0
|
| 952 |
f |
f |
|p ric
|a Texas A&M University
|b Rellis Campus
|c Joint Library Facility
|d Remote Storage
|t 0
|e PQ1590.G4 K83 1962
|h Library of Congress classification
|i unmediated -- volume
|m A14834674155
|
| 998 |
f |
f |
|a PQ1590.G4 K83 1962
|t 0
|l Remote Storage
|